000 00435nam a2200181Ia 4500
001 14649
005 20260306164929.0
008 260306t2015||||xx |||||||||||||| ||spa||
041 _aESP
082 _a515.35
_bZ945A 2015
100 _aZill, Dennis G
_eAUT
245 0 _aEcuaciones diferenciales:
_bcon aplicaciones de modelado
260 _c2015
300 _a
_c
650 _aGEN
654 _aCMA
942 _cLIB
_dJUS
_fJUS
_2ddc
_n
999 _c14649
_d14649